| 000 -ლიდერი |
| ფიქსირებული სიგრძის საკონტროლო ველი |
01819nam a22003017a 4500 |
| 003 - საკონტროლო ნომრის იდენტიფიკატორი |
| საკონტროლო ველი |
Ge_BSU |
| 005 - ბოლო ოპერაციის თარიღი და დრო |
| საკონტროლო ველი |
20230120115539.0 |
| 008 - ფიქსირებული სიგრძის მონაცემთა ელემენტები - ზოგადი ინფორმაცია |
| ფიქსირებული სიგრძის საკონტროლო ველი |
230120s2020 ge ||||| |||| 00| 0 geo d |
| 020 ## - წიგნის საერთაშორისო სტანდარტული ნომერი |
| International Standard Book Number |
9789941824500 |
| 041 ## - ენის კოდი |
| Language code of text/sound track or separate title |
geo |
| 080 ## - უნივერსალური ათობითი კლასიფიკაციის ინდექსი |
| Universal Decimal Classification number |
631.4 უ-62 |
| 100 ## - მთავარი ჩანაწერი - პიროვნების სახელი |
| Personal name |
ურუშაძე, თენგიზ |
| 9 (RLIN) |
16727 |
| 245 ## - ცნობა სათაურის შესახებ |
| Title |
აგრონიადაგმცოდნეობა / |
| Statement of responsibility, etc |
თენგიზ ურუშაძე; მთ. რედ. თამარ ქვრივიშვილი; რედ. ანა მილაშვილი, ზაალ ჩხეიძე, გიული წერეთელი; საქართველოს აგრარული უნივერსიტეტი. |
| 264 ## - წარმოების, გამოცემის, დისტრიბუციის და სხვა ცნობები |
| გამოცემის, წარმოების, დისტრიბუციის... ადგილი |
თბილისი : |
| გამოცემის, წარმოების, დისტრიბუციის... სახელწოდება |
საქართველოს აგრარული უნივერსიტეტი, |
| გამოცემის, წარმოების, დისტრიბუციის... თარიღი |
2020. |
| 300 ## - ფიზიკური აღწერა |
| Extent |
316 გვ.; |
| Other physical details |
25 სმ. |
| 500 ## - ზოგადი შენიშვნა |
| General note |
ეძღვნება კახა ბენდუქიძეს |
| 501 ## - შენიშვნა თანმხლებ მასალაზე |
| With note |
დანარტი გვ.283-311 |
| 504 ## - BIBLIOGRAPHY, ETC. NOTE |
| Bibliography, etc |
ბიბლიოგრ გვ. 313-314 |
| 653 ## - INDEX TERM--UNCONTROLLED |
| Uncontrolled term |
აგრონიადაგმცოდნეობა |
| 653 ## - INDEX TERM--UNCONTROLLED |
| Uncontrolled term |
სოფლის მეურნეობა |
| 700 ## - ADDED ENTRY--PERSONAL NAME |
| Personal name |
ქვრივიშვილი, თამარ |
| Relator term |
მთ. რედ. |
| 9 (RLIN) |
16728 |
| 700 ## - ADDED ENTRY--PERSONAL NAME |
| Personal name |
მილაშვილი, ანა |
| Relator term |
რედაქტორი |
| 9 (RLIN) |
16729 |
| 700 ## - ADDED ENTRY--PERSONAL NAME |
| Personal name |
ჩხეიძე, ზაალ |
| Relator term |
რედაქტორი |
| 9 (RLIN) |
2244 |
| 700 ## - ADDED ENTRY--PERSONAL NAME |
| Personal name |
წერეთელი, გიული |
| Relator term |
რედაქტორი |
| 9 (RLIN) |
16730 |
| 710 ## - ADDED ENTRY--CORPORATE NAME |
| Corporate name or jurisdiction name as entry element |
საქართველოს აგრარული უნივერსიტეტი |
| 9 (RLIN) |
16731 |
| 773 ## - HOST ITEM ENTRY |
| Title |
ნაჩუქარი |
| 942 ## - ADDED ENTRY ELEMENTS (KOHA) |
| Source of classification or shelving scheme |
|
| Koha item type |
წიგნი |